000 00760nam a2200265Ia 4500
001 129761
003 221201
005 20241205145328.0
008 ||||||n9999 ||| || ||
082 _a363.2
100 _aL'Heuillet, Hélène
_9156740
245 0 _aBaja política, alta policía
_bun enfoque histórico y filosófico de la policía
_cHélène L'Heuillet ; traducción Juan Manuel Spinelli
504 _aIncluye bibliografía y notas
562 _e1
650 0 _aAdministración de la policía
_99902
650 _aPOLICÍA--ASPECTOS SOCIALES
_9156741
650 _aPOLICIA--HISTORIA
_9156742
942 _cBKM
999 _c129761
_d129761
526 _a4969
526 _a19790
526 _a104436
526 _a5144
526 _a51868
526 _a1697